Muzycy według zdjęć #5 - Statystyki

Ogólne statystyki
  • Ten quiz został rozwiązany 2 675 razy
  • Średni wynik to 11 z 20
Statystyki odpowiedzi
Obrazkowy Hint Odpowiedź % Poprawnych
ur. 1993 Ariana Grande
89%
ur. 1977 Shakira
85%
1946–2021 Krzysztof Krawczyk
76%
ur. 1968 Will Smith
75%
ur. 1977 Kanye West
74%
ur. 1981 Britney Spears
71%
ur. 1971 Snoop Dogg
71%
ur. 1961 Maciej Maleńczuk
68%
ur. 1992 Marshmello
68%
ur. 1992 Miley Cyrus
65%
ur. 1995 Post Malone
58%
ur. 1958 Madonna
57%
ur. 1992 Daria Zawiałow
55%
ur. 1991 Travis Scott
47%
ur. 1943 Mick Jagger
46%
ur. 1991 Charlie Puth
31%
1943–1971 Jim Morrison
26%
ur. 1946 Dolly Parton
21%
1926–1991 Miles Davis
11%
1917–1995 Dean Martin
8%
Nie znaleziono quizów pasujących do podanych kryteriów
Rozkład punktacji
Procent ludzi z każdym wynikiem
Percentyl według liczby udzielonych odpowiedzi
Twoja historia wyników
Nie rozwiązałeś tego quizu